<?xml version="1.0" encoding="UTF-8"?>
<collection xmlns="http://www.loc.gov/MARC21/slim">
 <record>
  <leader>01024nam a22002895a 4500</leader>
  <controlfield tag="001">CEM.cems024565</controlfield>
  <controlfield tag="008">250428s2011####ag#######b####000#0#und#d</controlfield>
  <controlfield tag="005">20250428151211.0</controlfield>
  <datafield tag="245" ind1="1" ind2="0">
   <subfield code="a">Coplas, rimas y trabalenguas :</subfield>
   <subfield code="b">Antología del Sur /</subfield>
   <subfield code="c">Elisa Boland ; ilustraciones de Mirian Luchetto.</subfield>
  </datafield>
  <datafield tag="250" ind1=" " ind2=" ">
   <subfield code="a">1a ed.</subfield>
  </datafield>
  <datafield tag="260" ind1=" " ind2=" ">
   <subfield code="a">Buenos Aires :</subfield>
   <subfield code="b">Norma,</subfield>
   <subfield code="c">2011.</subfield>
  </datafield>
  <datafield tag="300" ind1=" " ind2=" ">
   <subfield code="a">86 p.</subfield>
  </datafield>
  <datafield tag="490" ind1="1" ind2=" ">
   <subfield code="a">Torre de papel. Roja</subfield>
  </datafield>
  <datafield tag="500" ind1=" " ind2=" ">
   <subfield code="a">A partir de 7 años.</subfield>
  </datafield>
  <datafield tag="505" ind1="0" ind2=" ">
   <subfield code="a">Adivinanzas -- Coplas -- Trabalenguas -- Juegos, dichos, fórmulas -- Rimas -- Retahílas -- Versos, cuentos de nunca acabar -- Rondas, juegos, danzas -- Canciones</subfield>
  </datafield>
  <datafield tag="504" ind1=" " ind2=" ">
   <subfield code="a">Bibliografía p.83.</subfield>
  </datafield>
  <datafield tag="020" ind1=" " ind2=" ">
   <subfield code="a">9789875451407</subfield>
  </datafield>
  <datafield tag="100" ind1="1" ind2=" ">
   <subfield code="a">Boland, Elisa.</subfield>
  </datafield>
  <datafield tag="700" ind1="1" ind2=" ">
   <subfield code="a">Luchetto, Mirian; il.</subfield>
  </datafield>
  <datafield tag="653" ind1=" " ind2=" ">
   <subfield code="a">Literatura infantil</subfield>
  </datafield>
  <datafield tag="653" ind1=" " ind2=" ">
   <subfield code="a">Poesía infantil</subfield>
  </datafield>
  <datafield tag="653" ind1=" " ind2=" ">
   <subfield code="a">Antología</subfield>
  </datafield>
  <datafield tag="653" ind1=" " ind2=" ">
   <subfield code="a">Coplas</subfield>
  </datafield>
  <datafield tag="653" ind1=" " ind2=" ">
   <subfield code="a">Rimas</subfield>
  </datafield>
  <datafield tag="653" ind1=" " ind2=" ">
   <subfield code="a">Trabalenguas</subfield>
  </datafield>
  <datafield tag="653" ind1=" " ind2=" ">
   <subfield code="a">Literatura argentina</subfield>
  </datafield>
  <datafield tag="859" ind1=" " ind2=" ">
   <subfield code="a">CEMS</subfield>
   <subfield code="b">BIB. CEMS - Inicial y Primaria</subfield>
   <subfield code="h">A861.4</subfield>
   <subfield code="i">B637</subfield>
   <subfield code="k">IP</subfield>
   <subfield code="p">5029</subfield>
   <subfield code="t">Ej.1</subfield>
  </datafield>
 </record>
</collection>
